Gen 9 RandBats Pokémon Speed Stats - Statistics

General Stats
  • This quiz has been taken 39 times
    34 since last reset
  • The average score is 27 of 50
Answer Stats
Pokemon Speed Stat % Correct
Slowking-Galar 100
100%
Mudsdale 107
100%
Quagsire 107
100%
Appletun 108
100%
Bronzong 108
100%
Palossand 113
100%
Spiritomb 113
100%
Ting-Lu 115
100%
Conkeldurr 118
100%
Vikavolt 119
100%
Hydrapple 121
100%
Spidops 122
100%
Iron Hands 125
100%
Muk-Alola 129
100%
Piloswine 134
100%
Muk 135
100%
Brute Bonnet 136
100%
Eiscue 138
100%
Regice 138
100%
Tyranitar 142
100%
Beartic 143
100%
Necrozma-Dusk-Mane 147
100%
Primarina 147
100%
Swalot 150
100%
Weezing-Galar 152
100%
Decidueye-Hisui 154
100%
Frosmoth 154
100%
Toucannon 156
100%
Umbreon 157
100%
Farigiraf 161
100%
Vaporeon 161
100%
Sinistcha 164
100%
Wo-Chien 164
100%
Sandslash 165
100%
Sandslash-Alola 165
100%
Blaziken 166
100%
Houndstone 166
100%
Komala 166
100%
Feraligatr 169
100%
Ho-Oh 169
100%
Zekrom 169
100%
Blastoise 171
100%
Honchkrow 171
100%
Giratina-Origin 172
100%
Groudon 172
100%
Decidueye 173
100%
Glimmora 173
100%
Hitmontop 173
100%
Luxray 173
100%
Poliwrath 173
100%
Baxcalibur 174
100%
Dialga 174
100%
Gholdengo 174
100%
Klefki 174
100%
Tsareena 175
100%
Basculegion-F 177
100%
Ludicolo 177
100%
Lunala 177
100%
Victreebel 177
100%
Kleavor 178
100%
Kommo-o 178
100%
Slither Wing 178
100%
Chandelure 180
100%
Pecharunt 180
100%
Cresselia 182
100%
Kricketune 185
100%
Duraludon 187
100%
Bombirdier 188
100%
Qwilfish-Hisui 189
100%
Kingdra 191
100%
Moltres 192
100%
Krookodile 193
100%
Garchomp 194
100%
Haxorus 194
100%
Cramorant 195
100%
Mimikyu 197
100%
Phione 197
100%
Iron Crown 198
100%
Chi-Yu 199
100%
Deoxys-Defense 199
100%
Rotom-Frost 199
100%
Salamence 199
100%
Hydreigon 200
100%
Lugia 200
100%
Oricorio-Pom-Pom 200
100%
Zapdos 201
100%
Girafarig 202
100%
Arceus 203
100%
Indeedee-F 204
100%
Bruxish 205
100%
Squawkabilly 205
100%
Arceus-Ghost 206
100%
Arceus-Psychic 206
100%
Zarude 206
100%
Articuno-Galar 208
100%
Sandy Shocks 208
100%
Thundurus-Therian 208
100%
Arceus-Fighting 209
100%
Arceus-Steel 209
100%
Fezandipiti 210
100%
Tauros-Paldea-Combat 211
100%
Oricorio-Pa'u 212
100%
Espathra 214
100%
Zamazenta-Crowned 214
100%
Arceus-Fire 215
100%
Arceus-Grass 215
100%
Houndoom 215
100%
Squawkabilly-White 215
100%
Squawkabilly-Yellow 215
100%
Keldeo-Resolute 216
100%
Slaking 216
100%
Typhlosion 216
100%
Leafeon 217
100%
Arceus-Bug 218
100%
Charizard 219
100%
Latias 219
100%
Scyther 219
100%
Pikachu 220
100%
Ogerpon 222
100%
Serperior 224
100%
Zacian-Crowned 227
100%
Cinderace 228
100%
Dedenne 228
100%
Shaymin-Sky 228
100%
Mewtwo 229
100%
Mismagius 230
100%
Zacian 231
100%
Plusle 234
100%
Minior 235
100%
Azelf 236
100%
Chien-Pao 236
100%
Meowstic-F 236
100%
Cryogonal 238
100%
Salazzle 242
100%
Flutter Mane 243
100%
Floatzel 244
100%
Persian-Alola 247
100%
Zebstrika 252
100%
Talonflame 257
100%
Sceptile 259
100%
Deoxys 265
100%
Barraskewda 267
100%
Greedent 84
100%
Torkoal 85
100%
Pincurchin 87
100%
Hatterene 98
100%
Granbull 129
75%
Grimmsnarl 147
75%
Swampert 147
75%
Breloom 162
75%
Florges 176
75%
Kyurem-White 181
75%
Arcanine-Hisui 190
75%
Porygon-Z 197
75%
Volcarona 199
75%
Entei 201
75%
Illumise 207
75%
Arceus-Dragon 212
75%
Spectrier 239
75%
Slowking 103
67%
Gurdurr 117
67%
Hariyama 137
67%
Perrserker 140
67%
Magearna 145
67%
Tropius 145
67%
Lapras 154
67%
Skarmory 158
67%
Dragonite 161
67%
Basculegion 173
67%
Gardevoir 180
67%
Hitmonchan 182
67%
Milotic 182
67%
Klawf 186
67%
Urshifu-Rapid-Strike 189
67%
Lokix 198
67%
Indeedee 208
67%
Tauros-Paldea-Aqua 209
67%
Mew 211
67%
Arceus-Dark 212
67%
Basculin 218
67%
Cobalion 219
67%
Ninetales 219
67%
Arceus-Rock 221
67%
Swanna 223
67%
Tornadus 229
67%
Darkrai 237
67%
Whimsicott 243
67%
Dugtrio 250
67%
Luvdisc 251
67%
Torterra 132
60%
Hawlucha 235
60%
Copperajah 101
50%
Glastrier 101
50%
Garganacl 102
50%
Coalossal 104
50%
Magcargo 111
50%
Araquanid 116
50%
Gastrodon 116
50%
Rhydon 117
50%
Sunflora 117
50%
Hippowdon 124
50%
Lurantis 128
50%
Donphan 132
50%
Gumshoos 139
50%
Carbink 141
50%
Ursaring 141
50%
Blissey 142
50%
Golurk 145
50%
Scrafty 146
50%
Magnezone 151
50%
Sylveon 151
50%
Clawitzer 152
50%
Metagross 156
50%
Armarouge 166
50%
Iron Thorns 167
50%
Sandaconda 167
50%
Ceruledge 178
50%
Gouging Fire 178
50%
Great Tusk 179
50%
Rayquaza 179
50%
Stonjourner 179
50%
Quaquaval 180
50%
Annihilape 181
50%
Reshiram 181
50%
Heracross 182
50%
Excadrill 185
50%
Mandibuzz 185
50%
Mesprit 185
50%
Noctowl 187
50%
Solgaleo 187
50%
Revavroom 188
50%
Arbok 189
50%
Skuntank 189
50%
Rotom-Heat 190
50%
Kyurem 191
50%
Flamigo 195
50%
Qwilfish 195
50%
Vivillon 198
50%
Palafin 199
50%
Zapdos-Galar 199
50%
Volbeat 204
50%
Uxie 205
50%
Arceus-Fairy 206
50%
Arcanine 208
50%
Pawmot 214
50%
Arceus-Ice 215
50%
Regigigas 216
50%
Iron Moth 217
50%
Morpeko 221
50%
Zoroark 225
50%
Tauros 228
50%
Tornadus-Therian 237
50%
Ambipom 241
50%
Froslass 241
50%
Weavile 243
50%
Noivern 249
50%
Kilowattrel 255
50%
Persian 264
50%
Jolteon 267
50%
Golduck 204
40%
Reuniclus 103
33%
Ursaluna 125
33%
Registeel 128
33%
Exeggutor 149
33%
Trevenant 149
33%
Polteageist 156
33%
Alomomola 163
33%
Hoopa 168
33%
Regidrago 168
33%
Banette 174
33%
Hypno 181
33%
Drifblim 187
33%
Gliscor 188
33%
Palkia 194
33%
Meloetta 195
33%
Rotom-Fan 197
33%
Electivire 208
33%
Glalie 208
33%
Iron Treads 208
33%
Shaymin 211
33%
Walking Wake 218
33%
Eternatus 220
33%
Sneasler 221
33%
Dachsbun 227
33%
Ariados 130
25%
Tentacruel 216
25%
Avalugg 100
0%
Dondozo 100
0%
Slowbro 100
0%
Bastiodon 104
0%
Toxapex 105
0%
Sudowoodo 110
0%
Rhyperior 113
0%
Forretress 115
0%
Kingambit 117
0%
Avalugg-Hisui 120
0%
Dipplin 121
0%
Arboliva 123
0%
Bellibolt 124
0%
Enamorus-Therian 124
0%
Camerupt 125
0%
Probopass 126
0%
Dunsparce 127
0%
Dragalge 128
0%
Golem 128
0%
Ursaluna-Bloodmoon 128
0%
Azumarill 129
0%
Crabominable 129
0%
Diancie 129
0%
Dusknoir 131
0%
Exeggutor-Alola 131
0%
Regirock 131
0%
Bellossom 132
0%
Ditto 133
0%
Chansey 134
0%
Rabsca 134
0%
Vespiquen 134
0%
Vileplume 134
0%
Terapagos 135
0%
Eelektross 137
0%
Golem-Alola 137
0%
Sableye 138
0%
Dudunsparce 139
0%
Crawdaunt 141
0%
Wigglytuff 141
0%
Goodra-Hisui 146
0%
Incineroar 146
0%
Porygon2 146
0%
Ampharos 147
0%
Clefable 147
0%
Scizor 148
0%
Empoleon 149
0%
Skeledirge 150
0%
Abomasnow 151
0%
Corviknight 153
0%
Cacturne 154
0%
Chesnaught 156
0%
Rampardos 156
0%
Volcanion 156
0%
Weezing 156
0%
Whiscash 156
0%
Emboar 157
0%
Cloyster 158
0%
Braviary-Hisui 159
0%
Necrozma-Dawn-Wings 161
0%
Pelipper 161
0%
Raging Bolt 162
0%
Oranguru 163
0%
Wyrdeer 163
0%
Orthworm 165
0%
Alcremie 167
0%
Cetitan 167
0%
Drednaw 167
0%
Heatran 167
0%
Malamar 167
0%
Flareon 168
0%
Gothitelle 168
0%
Okidogi 168
0%
Veluza 168
0%
Kyogre 169
0%
Gogoat 170
0%
Lanturn 170
0%
Toxtricity 170
0%
Oinkologne 172
0%
Oinkologne-F 172
0%
Flapple 173
0%
Necrozma 173
0%
Politoed 173
0%
Samurott 173
0%
Chimecho 174
0%
Dialga-Origin 174
0%
Falinks 174
0%
Gyarados 174
0%
Hoopa-Unbound 174
0%
Seviper 174
0%
Samurott-Hisui 175
0%
Gallade 176
0%
Glaceon 176
0%
Kyurem-Black 176
0%
Mamoswine 176
0%
Archaludon 178
0%
Giratina 179
0%
Passimian 180
0%
Rillaboom 180
0%
Landorus-Therian 182
0%
Venusaur 183
0%
Braviary 185
0%
Dewgong 185
0%
Goodra 185
0%
Medicham 187
0%
Mightyena 187
0%
Overqwil 187
0%
Suicune 187
0%
Urshifu 187
0%
Moltres-Galar 188
0%
Rotom-Wash 188
0%
Scovillain 188
0%
Masquerain 189
0%
Altaria 191
0%
Toxicroak 191
0%
Tatsugiri 192
0%
Shiftry 193
0%
Articuno 195
0%
Landorus 195
0%
Mabosstiff 195
0%
Meganium 195
0%
Magmortar 196
0%
Smeargle 196
0%
Hitmonlee 197
0%
Lycanroc-Midnight 197
0%
Rotom-Mow 197
0%
Lucario 199
0%
Venomoth 199
0%
Grumpig 200
0%
Manaphy 201
0%
Tinkaton 201
0%
Calyrex 202
0%
Vigoroth 202
0%
Zangoose 202
0%
Yanmega 203
0%
Lilligant 204
0%
Misdreavus 204
0%
Oricorio 204
0%
Staraptor 204
0%
Squawkabilly-Blue 205
0%
Typhlosion-Hisui 205
0%
Arceus-Flying 206
0%
Jirachi 206
0%
Ogerpon-Hearthflame 206
0%
Delibird 207
0%
Leavanny 207
0%
Oricorio-Sensu 207
0%
Arceus-Electric 209
0%
Arceus-Ground 209
0%
Arceus-Poison 209
0%
Brambleghast 209
0%
Tauros-Paldea-Blaze 209
0%
Rotom 210
0%
Flygon 211
0%
Koraidon 211
0%
Lilligant-Hisui 211
0%
Ogerpon-Cornerstone 211
0%
Ogerpon-Wellspring 211
0%
Arceus-Water 212
0%
Enamorus 213
0%
Iron Leaves 213
0%
Maushold 213
0%
Munkidori 213
0%
Roaring Moon 213
0%
Iron Jugulis 214
0%
Miraidon 214
0%
Ninetales-Alola 215
0%
Palkia-Origin 215
0%
Terrakion 216
0%
Latios 217
0%
Sawsbuck 217
0%
Comfey 219
0%
Lumineon 222
0%
Lycanroc-Dusk 222
0%
Mienshao 222
0%
Zoroark-Hisui 222
0%
Delphox 223
0%
Furret 223
0%
Galvantula 224
0%
Infernape 224
0%
Thundurus 224
0%
Toedscruel 224
0%
Virizion 224
0%
Gengar 225
0%
Iron Valiant 226
0%
Calyrex-Shadow 230
0%
Dugtrio-Alola 233
0%
Espeon 233
0%
Raikou 233
0%
Minun 234
0%
Scream Tail 235
0%
Iron Boulder 236
0%
Meowstic 236
0%
Meowscarada 237
0%
Pachirisu 237
0%
Pyroar 237
0%
Zamazenta 237
0%
Dodrio 238
0%
Grafaiai 238
0%
Cinccino 239
0%
Greninja 241
0%
Greninja-Bond 241
0%
Inteleon 241
0%
Jumpluff 241
0%
Raichu-Alola 241
0%
Lycanroc 242
0%
Raichu 244
0%
Cyclizar 249
0%
Ribombee 251
0%
Iron Bundle 254
0%
Deoxys-Attack 258
0%
Dragapult 263
0%
Wugtrio 270
0%
Eiscue-Noice 279
0%
Electrode-Hisui 311
0%
Electrode 328
0%
Deoxys-Speed 342
0%
Regieleki 362
0%
Slowbro-Galar 57
0%
Calyrex-Ice 77
0%
Clodsire 79
0%
Amoonguss 96
0%
Snorlax 96
0%
No matching quizzes found
Score Distribution
Percent of People with Each Score
Percentile by Number Answered
Your Score History
You have not taken this quiz since the last reset